Normal view
MARC view
Entry Corporate Name
001 - CONTROL NUMBER
- control field: 2075
003 - CONTROL NUMBER IDENTIFIER
- control field: ARRUPE
005 - DATE AND TIME OF LATEST TRANSACTION
- control field: 20131003172148.0
008 - FIXED-LENGTH DATA ELEMENTS
- fixed length control field: 131003|| aca||aabn | a|a d
040 ## - CATALOGING SOURCE
- Original cataloging agency: ARRUPE
- Transcribing agency: ARRUPE
110 ## - HEADING--CORPORATE NAME
- Corporate name or jurisdiction name as entry element: Catholic Church
- General subdivision: Liturgy
- General subdivision: Theology.
670 ## - SOURCE DATA FOUND
- Source citation: Work cat.: (ARRUPE)0: Hall, Jerome M., 1950- 2072, We have the mind of Christ :, c2001.